01451cam a2200265Ia 4500020001500000040000800015082002600023100002400049245006400073250001900137300004400156500050700200500004800707650002800755650004000783650003400823650002300857650001600880650003600896700003100932710004400963942001001007999001701017952015101034 a9251052522 cFQG a302 ROM 2004 C106 Or.1 aMefalopulos, Paolo.10aParticipatory communication strategy design :ba handbook / aSecond edition aix, 111 pages :billustrations ;c30 cm aThis handbook has been prepared as a training and field guide for designing, implementing and managing communication for development strategies for field projects. It focuses on the process of planning a communication strategy in a participatory manner. It clearly explains the principles and processes of communication planning, message development, multimedia material production and the implementation of communication activities in the field, and presents a step-by-step approach to strategy design a"TC/M/Y5794E/1/11.04/1500"--P. [4] of cover 0aCommunication planning. 0aCommunication in rural development. 0aCommunication in agriculture. 0aRural development. 0aAgriculture 0aRadio in community development.1 aKamlongera, Christopher F.2 aSouthern African Development Community. cAEDBB c20851d20851 0010406302_000000000000000_ROM_2004_C106_OR70992426aLBCbLBCcC106d2022-12-27o302 ROM 2004 C106 Or.pa069658r2022-12-27w2022-12-27yAEDBB